|
|
|
|
| LEADER |
03526nas a2200793 i 4500 |
| 001 |
nkc20183027668 |
| 003 |
CZ PrNK |
| 005 |
20260601131529.0 |
| 007 |
ta |
| 008 |
180912c20019999xr gr 1 a0eng |
| 015 |
|
|
|a cnb003027668
|z cnb002463189
|z cnb002694534
|
| 035 |
|
|
|a (OCoLC)1056248792
|
| 035 |
|
|
|a (OCoLC)855464519
|
| 035 |
|
|
|a (OCoLC)910988653
|
| 040 |
|
|
|a ABA001
|b cze
|d BOA001
|e rda
|
| 072 |
|
7 |
|a 574
|x Obecná ekologie
|2 Konspekt
|9 2
|
| 080 |
|
|
|a 551.312.2(285.3)
|2 MRF
|
| 080 |
|
|
|a 574.4(285.3)
|2 MRF
|
| 080 |
|
|
|a 574.4
|2 MRF
|
| 080 |
|
|
|a 556.15
|2 MRF
|
| 080 |
|
|
|a 631.62/.67
|2 MRF
|
| 080 |
|
|
|a 502.171:574.4(285.3)
|2 MRF
|
| 080 |
|
|
|a (062.534)
|2 MRF
|
| 080 |
|
|
|a (048.3)
|2 MRF
|
| 111 |
2 |
|
|a International Workshop on Nutrient Cycling and Retention in Natural and Constructed Wetlands
|7 ko20181007236
|4 aut
|
| 245 |
1 |
0 |
|a ... International Workshop on Nutrient Cycling and Retention in Natural and Constructed Wetlands :
|b book of abstracts : Třeboň, Czech Republic ...
|
| 246 |
1 |
|
|i Název ročníku 2013:
|a International Workshop on Nutrient Cycling and Retention Natural and Constructed Wetlands
|
| 264 |
|
1 |
|a Třeboň :
|b ENKI, o.p.s.,
|c [2001] -
|
| 300 |
|
|
|a ^^^svazků :
|b ilustrace (převážně barevné), mapy ;
|c 30 cm
|
| 310 |
|
|
|a Vychází nepravidelně,
|b 2001-
|
| 336 |
|
|
|a text
|b txt
|2 rdacontent
|
| 337 |
|
|
|a bez média
|b n
|2 rdamedia
|
| 338 |
|
|
|a svazek
|b nc
|2 rdacarrier
|
| 362 |
0 |
|
|a 4th-
|
| 500 |
|
|
|a Součástí názvu je řadová číslovka, součástí podnázvu datum
|
| 541 |
|
|
|c pv-r
|
| 500 |
|
|
|a Jednotlivé svazky mají ISBN
|
| 588 |
|
|
|a Popsáno podle: 10th
|5 CZ-PrNK
|
| 650 |
0 |
7 |
|a mokřady
|7 ph371834
|2 czenas
|
| 650 |
0 |
7 |
|a mokřadní ekosystémy
|7 ph115342
|2 czenas
|
| 650 |
0 |
7 |
|a koloběh prvků
|7 ph136718
|2 czenas
|
| 650 |
0 |
7 |
|a retence vody
|7 ph867756
|2 czenas
|
| 650 |
0 |
7 |
|a meliorace
|7 ph122745
|2 czenas
|
| 650 |
0 |
7 |
|a ochrana mokřadů
|7 ph153489
|2 czenas
|
| 650 |
0 |
9 |
|a wetlands
|2 eczenas
|
| 650 |
0 |
9 |
|a swamp ecosystems
|2 eczenas
|
| 650 |
0 |
9 |
|a chemical element cycles
|2 eczenas
|
| 650 |
0 |
9 |
|a water retention
|2 eczenas
|
| 650 |
0 |
9 |
|a soil amelioration
|2 eczenas
|
| 650 |
0 |
9 |
|a wetland conservation
|2 eczenas
|
| 655 |
|
7 |
|a sborníky konferencí
|7 fd133333
|2 czenas
|
| 655 |
|
7 |
|a abstrakta
|7 fd131780
|2 czenas
|
| 655 |
|
9 |
|a proceedings of conferences
|2 eczenas
|
| 655 |
|
9 |
|a abstracts
|2 eczenas
|
| 710 |
2 |
|
|a ENKI (společnost)
|7 ko2004233461
|4 pbl
|
| 902 |
|
|
|a 978-80-905483-1-2
|q (8,2013 ;
|q kroužková vazba)
|
| 902 |
|
|
|a 978-80-905483-2-9
|q (9,2015 ;
|q kroužková vazba)
|
| 902 |
|
|
|a 978-80-905483-3-6
|q (10,2017 ;
|q kroužková vazba)
|
| 902 |
|
|
|a 978-80-908090-2-4
|q (11,2023 ;
|q brožováno)
|
| 902 |
|
|
|a 978-80-908090-4-8
|q (12,2026 ;
|q brožováno)
|
| 910 |
2 |
|
|a BOA001
|b 04360-1231.004
|s 8(2013)-12(2026)-
|
| 990 |
|
|
|a SE
|
| 995 |
|
|
|a 01
|
| 991 |
|
|
|b 202304
|
| 996 |
6 |
|
|b 2610571627
|c 04360-1231.004
|d 2013 8
|v 8
|y 2013
|l MZK
|r Sklad / do 1 hodiny
|n 0
|p p.v.
|w 001095924
|u 000020
|a 1
|e BOA001
|j MZK50
|s P
|
| 996 |
6 |
|
|b 2610630076
|c 04360-1231.004
|d 2015 9
|v 9
|y 2015
|l MZK
|r Sklad / do 1 hodiny
|n 0
|p p.v.
|w 001095924
|u 000030
|a 1
|e BOA001
|j MZK50
|s P
|
| 996 |
6 |
|
|b 2610752350
|c 04360-1231.004
|d 2017 10
|v 10
|y 2017
|l MZK
|r Sklad / do 1 hodiny
|n 0
|p p.v.
|w 001095924
|u 000040
|a 1
|e BOA001
|j MZK50
|s P
|
| 996 |
6 |
|
|b 2610935293
|c 04360-1231.004
|d 2023 11
|v 11
|y 2023
|l MZK
|r Sklad / do 1 hodiny
|n 0
|p p.v.
|w 001095924
|u 000050
|a 1
|e BOA001
|j MZK50
|s P
|
| 996 |
6 |
|
|b 2611031291
|c 04360-1231.004
|d 2026 12
|v 12
|y 2026
|l MZK
|r Sklad / do 1 hodiny
|n 0
|p p.v.
|w 001095924
|u 000060
|a 1
|e BOA001
|j MZK50
|s P
|